| 000 | 00657nam a22002297a 4500 | ||
|---|---|---|---|
| 003 | Ost | ||
| 005 | 20220902133744.0 | ||
| 008 | 220902b |||||||| |||| 00| 0 eng d | ||
| 020 | _a9780470015650 | ||
| 040 | _cBT-PhCST | ||
| 050 | _a9904 | ||
| 082 |
_222 _a621.3827 _bBOU |
||
| 100 | _aBouillet, Eric ...[et al.]. | ||
| 245 | _aPath routing in mesh optical networks / | ||
| 260 |
_aEngland : _bJohn Wiley & Sons, ltd. ; _cc2007. |
||
| 300 |
_axxxii, 265 p. : _bill. ; _c25 cm. |
||
| 500 | _aIncludes bibliography and index. | ||
| 700 | _aEllinas, Georgios. | ||
| 700 | _aLabourdette, Jean-Francios. | ||
| 700 | _aRamamurthy, Ramu. | ||
| 942 |
_2ddc _cEE |
||
| 999 |
_c8987 _d8987 |
||